[Event "Napoli Spring Cup 1st"]
[Site "Napoli"]
[Date "2017.03.30"]
[Round "4"]
[White "Taurisano, Vincenzo"]
[Black "Esposito, Pino"]
[Result "1-0"]
[WhiteElo "1856"]
[BlackElo "1740"]
[PlyCount "105"]
[EventDate "2017.03.09"]
[EventType "swiss"]
[EventRounds "6"]
[EventCountry "ITA"]
[SourceTitle "EXT 2018"]
[Source "ChessBase"]
[SourceDate "2017.10.13"]
[SourceVersion "1"]
[SourceVersionDate "2017.10.13"]
[SourceQuality "1"]

1. e4 c5 2. d4 cxd4 3. c3 d3 4. Bxd3 Nc6 5. Nf3 d6 6. 0-0 Nf6 7. Na3 a6 8. h3 e5 9. Be3 Be7 10. Nc4 Nd7 11. Bc2 Qc7 12. a4 b6 13. Qd2 Na5 14. Bxb6 Nxb6 15. Nxa5 Be6 16. Rfd1 0-0 17. Qe2 Nc4 18. Nxc4 Bxc4 19. Qe3 Rab8 20. b4 Rfc8 21. a5 Bb5 22. Ra3 Bc4 23. Bd3 Rb7 24. Nd2 Bxd3 25. Qxd3 Qc6 26. Nf1 Qc4 27. Ne3 Qxd3 28. Rxd3 Rc6 29. Nd5 Bd8 30. Ra1 Rd7 31. Rc1 Rc4 32. f3 Bg5 33. Rcd1 Rc6 34. Kf2 Bd8 35. g3 Kf8 36. f4 g6 37. Kf3 f5 38. fxe5 fxe4+ 39. Kxe4 Rc4+ 40. Rd4 Rxd4+ 41. Kxd4 dxe5+ 42. Kxe5 Bc7+ 43. Kd4 Bxg3 44. Rf1+ Kg7 45. Kc5 Rd6 46. c4 Be5 47. b5 axb5 48. cxb5 Rd8 49. b6 Rc8+ 50. Kb5 Rc2 51. Rb1 Bd6 52. Ka6 Ra2 53. b7 1-0

[Event "Napoli Winter Cup 1st"]
[Site "Napoli"]
[Date "2017.02.16"]
[Round "5"]
[White "Esposito, Pino"]
[Black "Auletta, Angelo"]
[Result "0-1"]
[WhiteElo "1746"]
[BlackElo "2160"]
[PlyCount "46"]
[EventDate "2017.01.19"]
[EventType "swiss"]
[EventRounds "5"]
[EventCountry "ITA"]
[SourceTitle "EXT 2018"]
[Source "ChessBase"]
[SourceDate "2017.10.13"]
[SourceVersion "1"]
[SourceVersionDate "2017.10.13"]
[SourceQuality "1"]

1. e4 c5 2. Nc3 e6 3. Nf3 a6 4. a4 Nc6 5. d4 cxd4 6. Nxd4 Qc7 7. Nb3 Nf6 8. Bg5 Bb4 9. Bxf6 gxf6 10. Qf3 Qe5 11. Be2 Rg8 12. 0-0 b6 13. Nd1 Bb7 14. c3 Bd6 15. g3 Ne7 16. Nd2 Bc7 17. Bd3 h5 18. Ne3 Ng6 19. Ndc4 Qg5 20. Kh1 f5 21. Rg1 0-0-0 22. b4 d5 23. exd5 Rxd5 0-1

[Event "Napoli Trofeo Caissa 2nd"]
[Site "Napoli"]
[Date "2016.12.01"]
[Round "5"]
[White "Fortuna, Armando"]
[Black "Esposito, Pino"]
[Result "1-0"]
[WhiteElo "1657"]
[BlackElo "1746"]
[PlyCount "85"]
[EventDate "2016.11.03"]
[EventType "swiss"]
[EventRounds "7"]
[EventCountry "ITA"]
[SourceTitle "EXT 2018"]
[Source "ChessBase"]
[SourceDate "2017.10.13"]
[SourceVersion "1"]
[SourceVersionDate "2017.10.13"]
[SourceQuality "1"]

1. e4 c5 2. Nf3 d6 3. d4 cxd4 4. Nxd4 Nf6 5. Nc3 a6 6. h3 e6 7. Be3 Qc7 8. Be2 Be7 9. a4 b6 10. 0-0 0-0 11. f4 Nbd7 12. Bf3 Bb7 13. Qd2 Nc5 14. e5 Nfe4 15. Bxe4 Nxe4 16. Nxe4 Bxe4 17. exd6 Bxd6 18. Qf2 Rab8 19. Rac1 Rfd8 20. c4 Bc5 21. Nb3 Bxe3 22. Qxe3 Qb7 23. Qf2 Rd3 24. Nd2 Bc6 25. Nf3 Bxf3 26. gxf3 Rbd8 27. Rc2 Qc7 28. c5 bxc5 29. Rxc5 Qxf4 30. Qc2 Rd2 31. Qxd2 Qxd2 32. Rfc1 Qe3+ 33. Kh2 Rd2+ 34. Kg3 Qg5+ 35. Rxg5 h6 36. Ra5 Rxb2 37. Rxa6 Ra2 38. Rc8+ Kh7 39. Ra7 Kg6 40. Rcc7 h5 41. h4 Ra1 42. Rxf7 Rg1+ 43. Kf2 1-0

[Event "Napoli Autunno Vomero op-A"]
[Site "Napoli"]
[Date "2016.10.13"]
[Round "6"]
[White "Esposito, Pino"]
[Black "Mocerino, Dario"]
[Result "1/2-1/2"]
[WhiteElo "1782"]
[BlackElo "1503"]
[PlyCount "92"]
[EventDate "2016.09.08"]
[EventType "swiss"]
[EventRounds "7"]
[EventCountry "ITA"]
[SourceTitle "EXT 2018"]
[Source "ChessBase"]
[SourceDate "2017.10.13"]
[SourceVersion "1"]
[SourceVersionDate "2017.10.13"]
[SourceQuality "1"]

1. d4 d5 2. c4 Bf5 3. Nf3 c6 4. Nc3 e6 5. e3 Nf6 6. a3 Bd6 7. Be2 0-0 8. 0-0 Nbd7 9. cxd5 cxd5 10. Bd2 Qb6 11. Na4 Qd8 12. Rc1 Be4 13. Nc5 Nxc5 14. dxc5 Bc7 15. b4 Ng4 16. h3 Nf6 17. Bc3 Bg6 18. Bb2 h6 19. Ne5 Bf5 20. Qd4 Rc8 21. b5 Bxe5 22. Qxe5 Qc7 23. Qd4 Rfe8 24. f4 Kf8 25. g4 Bh7 26. h4 Rcd8 27. g5 hxg5 28. hxg5 e5 29. fxe5 Ne4 30. c6 Qe7 31. Qb4 Qxb4 32. axb4 Re6 33. c7 Rc8 34. Bg4 Nxg5 35. b6 a6 36. Bxe6 Nxe6 37. Rf2 Ng5 38. Rcf1 Nh3+ 39. Kh2 Nxf2 40. Rxf2 Ke7 41. Kg3 Ke6 42. Kf4 Bf5 43. Bd4 g6 44. Rh2 Kd7 45. Bc5 Be6 46. Kg5 Kc6 1/2-1/2

[Event "Napoli Autunno Vomero op-A"]
[Site "Napoli"]
[Date "2016.09.29"]
[Round "4"]
[White "Esposito, Pino"]
[Black "Auletta, Pasquale"]
[Result "0-1"]
[WhiteElo "1782"]
[BlackElo "1635"]
[PlyCount "98"]
[EventDate "2016.09.08"]
[EventType "swiss"]
[EventRounds "7"]
[EventCountry "ITA"]
[SourceTitle "EXT 2018"]
[Source "ChessBase"]
[SourceDate "2017.10.13"]
[SourceVersion "1"]
[SourceVersionDate "2017.10.13"]
[SourceQuality "1"]

1. d4 d5 2. c4 c6 3. Nf3 Nf6 4. Nc3 dxc4 5. a4 Bf5 6. e3 e6 7. Bxc4 Bb4 8. 0-0 0-0 9. Bd3 Bg6 10. Ne5 Nbd7 11. Nxg6 hxg6 12. Qf3 e5 13. Rd1 Qc7 14. Ne2 Rad8 15. Bd2 Bxd2 16. Rxd2 Rfe8 17. Nc3 exd4 18. exd4 c5 19. Nb5 Qb8 20. dxc5 Nxc5 21. Rad1 a6 22. Nc3 Nxd3 23. Rxd3 Ng4 24. g3 Rxd3 25. Qxd3 Qa7 26. Qd4 Re1+ 27. Kg2 Qxd4 28. Rxd4 Nf6 29. Rb4 Re7 30. Kf3 Kf8 31. Rb6 Ke8 32. a5 Kd8 33. b4 Kc8 34. Na4 Nd5 35. Rd6 Nxb4 36. Nc5 Rc7 37. Na4 Re7 38. Nb6+ Kc7 39. Rd4 Nc6 40. Rd2 Kb8 41. Nd7+ Ka7 42. Nb6 Rc7 43. Nc4 Ne7 44. Nb6 Rc5 45. Rd7 Rxa5 46. Rxe7 Rf5+ 47. Ke3 Kxb6 48. g4 Rf6 49. f4 Re6+ 0-1

[Event "Napoli Primavera al Vomero op"]
[Site "Napoli"]
[Date "2016.06.09"]
[Round "5"]
[White "Giovine, Massimo"]
[Black "Esposito, Pino"]
[Result "1/2-1/2"]
[WhiteElo "1622"]
[BlackElo "1767"]
[PlyCount "133"]
[EventDate "2016.05.05"]
[EventType "swiss"]
[EventRounds "6"]
[EventCountry "ITA"]
[SourceTitle "EXT 2018"]
[Source "ChessBase"]
[SourceDate "2017.10.13"]
[SourceVersion "1"]
[SourceVersionDate "2017.10.13"]
[SourceQuality "1"]

1. d4 d5 2. c4 e6 3. e3 Nf6 4. a3 a5 5. Nc3 Nbd7 6. Nf3 c6 7. Qc2 Bd6 8. cxd5 exd5 9. Bd3 h6 10. 0-0 0-0 11. b3 Re8 12. Bb2 Nf8 13. Nb1 Bg4 14. Nbd2 N8d7 15. h3 Bxf3 16. Nxf3 Ne4 17. Rfe1 f5 18. Rac1 Qf6 19. Bxe4 fxe4 20. Ne5 Nxe5 21. dxe5 Bxe5 22. Bxe5 Qxe5 23. Qc5 Rf8 24. b4 axb4 25. Qxb4 Qf6 26. Rf1 Rf7 27. a4 Qd8 28. Ra1 Ra5 29. Rfc1 Ra6 30. Ra3 Qf6 31. Rc2 b6 32. Rd2 Qe5 33. Qb3 Rfa7 34. Rda2 Kh7 35. Qc2 c5 36. f3 Re7 37. Qe2 Ra8 38. Qc2 Kh8 39. fxe4 Qxe4 40. a5 Qxc2 41. Rxc2 Rea7 42. Rca2 Rxa5 43. Rxa5 Rxa5 44. Rd2 c4 45. Kf2 Rc5 46. Kf3 c3 47. Rc2 b5 48. Ke2 b4 49. Kd3 g6 50. Kd4 Rb5 51. Rf2 Kg7 52. g3 Ra5 53. Kd3 Rc5 54. Kc2 Rc4 55. g4 Re4 56. Kd3 Re6 57. Rf1 Rf6 58. Rb1 Rf2 59. Rxb4 c2 60. Rb7+ Kf6 61. Rc7 Ke5 62. Rxc2 Rxc2 63. Kxc2 Ke4 64. Kd2 g5 65. Ke2 d4 66. exd4 Kxd4 67. Kd1 1/2-1/2

[Event "Napoli Primavera al Vomero op"]
[Site "Napoli"]
[Date "2016.05.19"]
[Round "3"]
[White "Castellano, Riccardo"]
[Black "Esposito, Pino"]
[Result "0-1"]
[WhiteElo "1688"]
[BlackElo "1767"]
[PlyCount "68"]
[EventDate "2016.05.05"]
[EventType "swiss"]
[EventRounds "6"]
[EventCountry "ITA"]
[SourceTitle "EXT 2018"]
[Source "ChessBase"]
[SourceDate "2017.10.13"]
[SourceVersion "1"]
[SourceVersionDate "2017.10.13"]
[SourceQuality "1"]

1. e4 c5 2. Nf3 d6 3. d4 cxd4 4. Nxd4 Nf6 5. Nc3 a6 6. Be2 e6 7. Be3 Be7 8. Qd2 Qc7 9. 0-0-0 Nc6 10. f3 Ne5 11. g4 Nc4 12. Bxc4 Qxc4 13. g5 Nd7 14. f4 b5 15. a3 Bb7 16. f5 e5 17. Nb3 a5 18. Nd5 Bxd5 19. Qxd5 Rc8 20. Qxc4 Rxc4 21. Nd2 Rc6 22. Nb1 b4 23. Rd5 Nc5 24. Rhd1 Nxe4 25. Rxa5 b3 26. c3 0-0 27. Nd2 Nxc3 28. bxc3 Rxc3+ 29. Kb2 Rxe3 30. Nc4 Re2+ 31. Kxb3 Rb8+ 32. Kc3 Bxg5 33. Rxd6 e4 34. a4 Bf6+ 0-1

[Event "Napoli Porreca Memorial 3rd"]
[Site "Napoli"]
[Date "2013.10.31"]
[Round "6"]
[White "Freda, Guido"]
[Black "Esposito, Pino"]
[Result "0-1"]
[WhiteElo "1416"]
[BlackElo "1768"]
[PlyCount "74"]
[EventDate "2013.09.26"]
[EventType "swiss"]
[EventRounds "7"]
[EventCountry "ITA"]
[SourceTitle "EXT 2015"]
[Source "ChessBase"]
[SourceDate "2014.11.20"]
[SourceVersion "1"]
[SourceVersionDate "2014.11.20"]
[SourceQuality "1"]

1. d4 d5 2. c4 e6 3. Nf3 Nf6 4. e3 Nbd7 5. Nc3 c6 6. Qc2 Bd6 7. e4 dxe4 8. Nxe4 Nxe4 9. Qxe4 Nf6 10. Qc2 0-0 11. Bd3 Bb4+ 12. Bd2 Bxd2+ 13. Qxd2 c5 14. dxc5 e5 15. Ng5 e4 16. Nxe4 Qe7 17. f3 Nxe4 18. fxe4 f5 19. Rf1 Re8 20. 0-0-0 fxe4 21. Rde1 Qxc5 22. Qe2 Bg4 23. Qxg4 exd3 24. Rd1 Rad8 25. Kd2 Qa5+ 26. Kc1 Qxa2 27. Rxd3 Qa1+ 28. Kc2 Qxf1 29. Rxd8 Rxd8 30. Qe6+ Kh8 31. Kb3 Qd1+ 32. Kb4 Qd6+ 33. Qxd6 Rxd6 34. c5 Rd4+ 35. Kb5 a6+ 36. Ka5 Rc4 37. b4 Kg8 0-1

[Event "Napoli Estate al Vomero op 5th"]
[Site "Napoli"]
[Date "2011.05.12"]
[Round "2"]
[White "Esposito, Pino"]
[Black "Zinnai, Graziano Matteo"]
[Result "0-1"]
[WhiteElo "1861"]
[BlackElo "1836"]
[PlyCount "96"]
[EventDate "2011.05.08"]
[EventType "swiss"]
[EventRounds "7"]
[EventCountry "ITA"]
[SourceTitle "EXT 2018"]
[Source "ChessBase"]
[SourceDate "2017.10.13"]
[SourceVersion "1"]
[SourceVersionDate "2017.10.13"]
[SourceQuality "1"]

1. e4 c6 2. d4 d5 3. Nc3 dxe4 4. Nxe4 Bf5 5. Ng3 Bg6 6. Nf3 Nd7 7. h4 h6 8. h5 Bh7 9. Bd3 Bxd3 10. Qxd3 Ngf6 11. Bd2 e6 12. 0-0-0 Be7 13. Rde1 0-0 14. Kb1 c5 15. c3 cxd4 16. cxd4 Qb6 17. a3 a5 18. Nf5 Rfe8 19. Nxe7+ Rxe7 20. Rh4 Qa6 21. Qc2 b6 22. g4 Rc8 23. Qd1 Qd3+ 24. Ka1 Qc2 25. Qe2 Qc4 26. Qxc4 Rxc4 27. g5 hxg5 28. Bxg5 Re8 29. h6 Nh7 30. Be3 g6 31. Kb1 f6 32. Nd2 Rc6 33. f4 Kf7 34. Bf2 b5 35. Rg4 Nb6 36. Nb3 a4 37. Nc5 Rd8 38. f5 exf5 39. Rg3 g5 40. Rge3 Nd5 41. Re6 Rxe6 42. Rxe6 g4 43. Ra6 Kg6 44. Ne6 Re8 45. Rd6 f4 46. Rxd5 Rxe6 47. Rxb5 g3 48. d5 gxf2 0-1

[Event "Napoli Vomero Inverno op 6th"]
[Site "Napoli"]
[Date "2011.02.11"]
[Round "5"]
[White "Avolio, Giovanni"]
[Black "Esposito, Pino"]
[Result "1-0"]
[WhiteElo "1808"]
[BlackElo "1859"]
[PlyCount "67"]
[EventDate "2011.01.14"]
[EventType "swiss"]
[EventRounds "7"]
[EventCountry "ITA"]
[SourceTitle "EXT 2012"]
[Source "ChessBase"]
[SourceDate "2011.11.24"]
[SourceVersion "1"]
[SourceVersionDate "2011.11.24"]
[SourceQuality "1"]

1. c4 Nf6 2. Nc3 e6 3. e4 c5 4. e5 Ng8 5. Nf3 Nc6 6. d4 cxd4 7. Nxd4 Qa5 8. Ndb5 Nxe5 9. Bd2 Qd8 10. Bf4 d6 11. c5 a6 12. Nxd6+ Bxd6 13. cxd6 Ng6 14. Bg3 Nf6 15. Be2 0-0 16. h4 Re8 17. h5 Nf8 18. Qd2 Bd7 19. h6 g6 20. Bh4 Bc6 21. Qf4 N8d7 22. Bf3 e5 23. Qd2 Qb6 24. Bxc6 Qxc6 25. 0-0 Re6 26. Rad1 Ne4 27. Nxe4 Qxe4 28. Be7 g5 29. Rc1 Rxh6 30. Rfd1 Nf6 31. Bxf6 Rxf6 32. d7 Qd4 33. Qxd4 exd4 34. Rc8+ 1-0

[Event "Napoli Vomero Christmas 6th"]
[Site "Napoli"]
[Date "2010.11.12"]
[Round "2"]
[White "Esposito, Pino"]
[Black "Di Gennaro, Antonio"]
[Result "1-0"]
[WhiteElo "1865"]
[BlackElo "1673"]
[PlyCount "101"]
[EventDate "2010.11.05"]
[EventType "swiss"]
[EventRounds "6"]
[EventCountry "ITA"]
[SourceTitle "EXT 2024"]
[Source "ChessBase"]
[SourceDate "2023.10.10"]
[SourceVersion "1"]
[SourceVersionDate "2023.10.10"]
[SourceQuality "1"]

1. e4 c5 2. Nf3 d6 3. d4 cxd4 4. Nxd4 Nf6 5. Nc3 a6 6. Be2 e5 7. Nb3 Be7 8. Bg5 Be6 9. 0-0 0-0 10. Bxf6 Bxf6 11. Nd5 Nd7 12. c4 Rc8 13. Rc1 Be7 14. Qd3 Nc5 15. Nxe7+ Qxe7 16. Qe3 Bd7 17. Nd2 a5 18. b3 f5 19. Bf3 f4 20. Qe2 Qg5 21. Rfd1 Ne6 22. Nf1 Nd4 23. Rxd4 exd4 24. Qd2 Qe5 25. Rd1 Bc6 26. Bg4 Rcd8 27. f3 h5 28. Bh3 Kh8 29. Qd3 Rg8 30. Rd2 Bd7 31. Bxd7 Rxd7 32. Qe2 g5 33. Kf2 g4 34. Ke1 gxf3 35. gxf3 Rdg7 36. Qf2 Qf6 37. Qxd4 Qxd4 38. Rxd4 Rd8 39. Rd5 b6 40. Rxh5+ Kg8 41. Kf2 Rh7 42. Rf5 Rf7 43. Rb5 Rb7 44. Ke2 Kf8 45. Kd3 Ke7 46. h4 Rh8 47. h5 Ke8 48. Nh2 Rbh7 49. Ng4 Rxh5 50. Nf6+ Kd8 51. Rxh5 1-0

[Event "Napoli Vomero Septembre 7th"]
[Site "Napoli"]
[Date "2010.10.15"]
[Round "6"]
[White "Caiazzo, Diego"]
[Black "Esposito, Pino"]
[Result "1/2-1/2"]
[WhiteElo "1887"]
[BlackElo "1877"]
[PlyCount "126"]
[EventDate "2010.09.10"]
[EventType "swiss"]
[EventRounds "7"]
[EventCountry "ITA"]
[SourceTitle "EXT 2024"]
[Source "ChessBase"]
[SourceDate "2023.10.10"]
[SourceVersion "1"]
[SourceVersionDate "2023.10.10"]
[SourceQuality "1"]

1. b3 e5 2. Bb2 Nc6 3. e3 d5 4. Nf3 f6 5. Be2 Be6 6. 0-0 Bd6 7. d3 Nge7 8. Nbd2 0-0 9. c4 a6 10. cxd5 Nxd5 11. Ne4 Nb8 12. Nxd6 Qxd6 13. d4 exd4 14. Nxd4 Bf7 15. Bf3 c6 16. Qc1 Qc7 17. Rd1 Ne7 18. Ba3 Rd8 19. Qb2 Qe5 20. Nc2 Re8 21. Qxe5 fxe5 22. Bg4 Nd5 23. Nb4 Nf6 24. Bh3 a5 25. Nd3 Na6 26. Nc5 Nxc5 27. Bxc5 Be6 28. Bxe6+ Rxe6 29. Ba3 Kf7 30. Rd2 e4 31. Rad1 Nd5 32. Rd4 Rae8 33. Rc1 b5 34. Bb2 g6 35. g3 Ke7 36. Ba3+ b4 37. Bb2 Kd6 38. Rdc4 Rc8 39. Rc5 a4 40. bxa4 Nb6 41. Ra5 c5 42. Ra6 Rc6 43. a5 Nd5 44. Rxc6+ Kxc6 45. Bd4 Nc3 46. Bxc3 bxc3 47. Rxc3 Kb5 48. Kf1 Ra6 49. Ke2 Rxa5 50. Rc2 Ra7 51. f3 exf3+ 52. Kxf3 Ra4 53. e4 Kc6 54. e5 Kd5 55. Re2 Ke6 56. h4 h6 57. Kf2 c4 58. Ke1 Ra3 59. Kf2 Rd3 60. g4 Ra3 61. g5 hxg5 62. hxg5 Rc3 63. Kg2 Ra3 1/2-1/2

[Event "Napoli Vomero Septembre 7th"]
[Site "Napoli"]
[Date "2010.10.01"]
[Round "3"]
[White "Gallo, Thomas Renato"]
[Black "Esposito, Pino"]
[Result "1-0"]
[WhiteElo "1863"]
[BlackElo "1877"]
[PlyCount "97"]
[EventDate "2010.09.10"]
[EventType "swiss"]
[EventRounds "7"]
[EventCountry "ITA"]
[SourceTitle "EXT 2024"]
[Source "ChessBase"]
[SourceDate "2023.10.10"]
[SourceVersion "1"]
[SourceVersionDate "2023.10.10"]
[SourceQuality "1"]

1. d4 Nf6 2. Bf4 d6 3. Nf3 Nbd7 4. e3 c6 5. c3 b5 6. Bd3 g6 7. Qb3 h6 8. h3 Nb6 9. Nbd2 Be6 10. Qc2 Bg7 11. e4 Nh5 12. Bh2 g5 13. e5 d5 14. g4 Nf4 15. Bxf4 gxf4 16. Nh4 Kd7 17. Nb3 Na4 18. Bf5 Rg8 19. f3 Qe8 20. Nc1 c5 21. b3 Bxf5 22. Nxf5 Nb6 23. Nxg7 Rxg7 24. dxc5 Nc8 25. Qf5+ e6 26. Qxf4 h5 27. Qh6 Qg8 28. Nd3 Rh7 29. Qf4 Ne7 30. Kd2 Nc6 31. Rhg1 hxg4 32. Rxg4 Qh8 33. h4 Rf8 34. b4 Rh5 35. Re1 Rf5 36. Qg3 Qh6+ 37. f4 Rh5 38. Kc2 Rh8 39. Rh1 Ne7 40. Qe3 Kc6 41. a4 bxa4 42. b5+ Kc7 43. b6+ Kb8 44. bxa7+ Ka8 45. Qd4 Nf5 46. Qxa4 Rc8 47. Rg8 Ne3+ 48. Kb3 Qh8 49. Qc6+ 1-0

[Event "Napoli Vomero Summer op 4th"]
[Site "Napoli"]
[Date "2010.06.17"]
[Round "6"]
[White "Gallo, Thomas Renato"]
[Black "Esposito, Pino"]
[Result "0-1"]
[WhiteElo "1875"]
[BlackElo "1875"]
[PlyCount "72"]
[EventDate "2010.05.06"]
[EventType "swiss"]
[EventRounds "7"]
[EventCountry "ITA"]
[SourceTitle "EXT 2024"]
[Source "ChessBase"]
[SourceDate "2023.10.10"]
[SourceVersion "1"]
[SourceVersionDate "2023.10.10"]
[SourceQuality "1"]

1. d4 Nf6 2. c4 g6 3. Nc3 Bg7 4. e4 d6 5. f3 Nbd7 6. Be3 e5 7. Nge2 exd4 8. Nxd4 0-0 9. Be2 Re8 10. 0-0 Ne5 11. Rc1 Bd7 12. Qd2 a6 13. b3 Rc8 14. Bg5 Bc6 15. f4 Ned7 16. Nxc6 bxc6 17. f5 Re5 18. fxg6 hxg6 19. Bf3 Qe8 20. Bf4 Re6 21. Rce1 Nc5 22. Qc2 Rb8 23. Bg3 a5 24. Bf2 Nfd7 25. Bg4 Bxc3 26. Bxe6 Bxe1 27. Bxf7+ Qxf7 28. Bxc5 Qg7 29. Ba3 Bc3 30. Bc1 Re8 31. Be3 Bd4 32. Qd3 Bxe3+ 33. Qxe3 Nc5 34. Qd2 Nxe4 35. Qf4 Qd4+ 36. Rf2 Qxf2+ 0-1

[Event "Napoli Vomero Summer op 4th"]
[Site "Napoli"]
[Date "2010.06.10"]
[Round "5"]
[White "Esposito, Pino"]
[Black "Esposito, Rosario"]
[Result "1-0"]
[WhiteElo "1875"]
[BlackElo "1830"]
[PlyCount "75"]
[EventDate "2010.05.06"]
[EventType "swiss"]
[EventRounds "7"]
[EventCountry "ITA"]
[SourceTitle "EXT 2024"]
[Source "ChessBase"]
[SourceDate "2023.10.10"]
[SourceVersion "1"]
[SourceVersionDate "2023.10.10"]
[SourceQuality "1"]

1. e4 c5 2. g3 Nc6 3. Bg2 g6 4. Ne2 Bg7 5. d3 d6 6. Nbc3 Bd7 7. 0-0 Rb8 8. a4 Nf6 9. Kh1 0-0 10. f4 e6 11. Bd2 a6 12. Qc1 b5 13. axb5 axb5 14. Nd1 Qc7 15. Ne3 Ra8 16. Rxa8 Rxa8 17. g4 Ra7 18. c3 Na5 19. Qc2 c4 20. d4 Nb3 21. e5 Nxd2 22. Qxd2 Ne8 23. Ng3 Bc6 24. Ne4 Bxe4 25. Bxe4 d5 26. Bb1 Qb8 27. f5 Rb7 28. Nc2 Nc7 29. Nb4 Rb6 30. fxg6 fxg6 31. Qg5 Qe8 32. h4 Na6 33. h5 Nxb4 34. cxb4 gxh5 35. gxh5 h6 36. Qg4 Rb7 37. Bg6 Qe7 38. Rf7 1-0